00565 2200229 4500001002100000005001700021008004100038035002400079082001100103090002100114100001600135245003700151250001800188260003200206300002100238650001000259850001500269985000600284999001500290999001500305999001500320YOGYA-0209000002854720090227024237.0 ind  0010-020900000028547 a297.23 a297.23bRok PlT aROKHIM, Abd aPenghuni surgacOleh Abd. Rochim aEd. 1, cet. 1 aYogyakarabBina Usahac1983 av, 25 hlmc16 cm aSurga aYOPDYOG(B) a3 a95P0067029 a95P0067030 a95P0067031